000 00780cam a2200241 a 4500
001 4454761
005 20231115014641.0
008 950802s1995 enk b 001 0 eng d
020 _a0803984782
020 _a0803984790 (pbk.)
040 _aUkNcU
_cUkNcU
_dDLC
082 0 0 _a305.42/01
_220
100 1 _aEvans, Judith
245 1 0 _aFeminist theory today :
_ban introduction to second-wave feminism /
_cJudith Evans.
260 _aLondon ;
_aThousand Oaks, Calif. :
_bSage Publications,
_c1995.
300 _a183 p. ;
650 0 _aFeminist theory.
650 0 _aSecond-wave feminism.
700 _aEvans Judith
856 4 2 _uhttp://www.loc.gov/catdir/enhancements/fy0656/95068523-d.html
856 4 1 _uhttp://www.loc.gov/catdir/enhancements/fy0656/95068523-t.html
942 _cL
999 _c14
_d14